banner-ar

SLOVENSKA NARODA BIBLIOGRAPHIA / (Record no. 18957)

MARC details
000 -الفاتح
حقل البيانات ثابتة الطول 00507nam a2200181Ia 4500
008 - عناصر البيانات ثابتة الطول - معلومات عامة
حقل البيانات ثابتة الطول 140319s9999 xx 000 0 aRus d
040 ## - مصدر الفهرسة
وكالة الفهرسة الأصلية GCL /
وكالة النسخ GCL
082 04 - رقم تصنيف ديوى العشرى
رقم التصنيف 015.4373
رقم المادة S S
100 1# - المدخل الرئيسى - إسم شخصى
الإسم الشخصى SLOVASKA, VYDAVA MATICA
245 10 - بيان العنوان
العنوان SLOVENSKA NARODA BIBLIOGRAPHIA /
بيان المسئوليه,etc SLOVASKA, VYDAVA MATICA
260 ## - PUBLICATION, DISTRIBUTION, ETC. (IMPRINT)
تاريخ النشر أو التوزيع 1996
650 04 - المدخل الاضافى بالموضوع-مصطلح موضوعى
مصطلح موضوعي BIBLIOGRAPHIES
650 04 - المدخل الاضافى بالموضوع-مصطلح موضوعى
مصطلح موضوعي BOOKS
650 04 - المدخل الاضافى بالموضوع-مصطلح موضوعى
مصطلح موضوعي BIBLIOGRAPHY - SLOVAKIA
650 04 - المدخل الاضافى بالموضوع-مصطلح موضوعى
مصطلح موضوعي NATIONAL - BIBLIOGRAPHY
942 ## - عناصر المدخل الإضافي( كوها)
مصدر التصنيف او مخطط الترفيف Dewey Decimal Classification
Koha [default] item type كتاب
260 ## - PUBLICATION, DISTRIBUTION, ETC. (IMPRINT)
-- [S.N] :
-- REGISTRANCY ROD ،
Holdings
حالة التراجع حالة الفقد حالة تلف ليس للاعارة المكان المؤقت الموقع الحالى تاريخ الاكتساب اجمالي اﻻعارات رقم الطلب الباركود تاريخ اخر مشاهدة تاريخ تفعيل السعر نوع وعاء كوها
        مكتبة القاهرة الكبرى مكتبة القاهرة الكبرى 03/26/2014   015.4373\S S 36115 03/26/2014 03/26/2014 كتاب

Powered By

EGPV